Felix, Net i Nika oraz Gang Niewidzialnych Ludzi - Statystyki

Ogólne statystyki
  • Ten quiz został rozwiązany 391 razy
  • Średni wynik to 5 z 20
Statystyki odpowiedzi
Pytanie Odpowiedź % Poprawnych
Jak miała na imię babcia Felixa? Lusia
92%
Jak Net podpisał się na kartce poddanej mu w biurze Silver Tower? James Bond
58%
Jak bohaterowie nazywają szkolny szkielet? Bolesław Łysy
42%
Do której klasy chodzili bohaterowie? 1A
37%
Jaki kolor włosów miała Nika? rudy
36%
Jak miał na naziwsko Felix? Polon
35%
Jakim numerem była opatrzona księga profesora Kuszmińskiego? 13
31%
Co powoduje zwarcie u robotów na dachu? deszcz
28%
Gdzie został wysłany łazik zaprojektowany przez ojców chłopców? na Marsa
25%
Kim jest z zawodu tata Neta? informatykiem
24%
Jak się nazywa moc przenoszenia przedmiotów przez Nikę? telekineza
14%
Gdzie bohaterowie zostają odznaczeni przez ministra? w domu Felixa
13%
Przez co do domu Niki wchodzi Święty Mikołaj? kontakt
10%
Którą książkę bohaterowie czytają na lekcjach? Hobbita
8%
Jak się nazywa pensjonat prowadzony przez rodzinę Jędrka? Pod Zezowatą Owcą
7%
W jakiej organizacji pracuje tata Felixa? Instytut Badań Nadzwyczajnych
5%
Jaką nazwę nosi projekt profesora Kuszmińskiego? latalerz
4%
Gdzie nastolatkowie znaleźli księgę profesora Kuszmińskiego? w ruinach kościoła
4%
Czym uciekał gang niewidzialnych ludzi? furgonetkami
3%
Co to jest Vidoktor? program do obróbki zdjęć
3%
Nie znaleziono quizów pasujących do podanych kryteriów
Rozkład punktacji
Procent ludzi z każdym wynikiem
Percentyl według liczby udzielonych odpowiedzi
Twoja historia wyników
Nie rozwiązałeś tego quizu